Last Lines: Children's Literature Quiz Stats

Quiz Updated Sep 1, 2016

Challenge
Share
Tweet
Embed
Score 0/20 Timer 06:00
2 Plays Today
% Correct
The Very Hungry Caterpillar
93.5%
The Giving Tree
90.3%
Goodnight Moon
89%
The House at Pooh Corner
86.4%
Cloudy with a Chance of Meatballs
81.7%
Curious George
78.6%
Guess How Much I Love You
75.4%
Where the Wild Things Are
70.9%
Amelia Bedelia
69.5%
Madeline
67.3%
% Correct
Alexander and the Terrible, Horrible, No Good, Very Bad Day
60.7%
The Adventures of Captain Underpants
58.8%
The Cat in the Hat
55.8%
Bridge to Terabithia
55.8%
Corduroy
54.7%
Chicka Chicka Boom Boom
53.5%
Charlotte's Web
52.2%
Charlie and the Chocolate Factory
50%
Because of Winn-Dixie
44.9%
Junie B. Jones and the Stupid Smelly Bus
39.1%

You're not logged in!

Compare scores with friends on all Sporcle quizzes.
Sign Up with Email
OR
Log In

You Might Also Like...

Show Comments

Extras

Top Quizzes Today


Score Distribution

Your Account Isn't Verified!

In order to create a playlist on Sporcle, you need to verify the email address you used during registration. Go to your Sporcle Settings to finish the process.